1713 1827 1335 1494 1376 1620 1472 1483 1284 1395 1266 1786 1615 1121 1861 1017 1055 1010 1072 1817 1475 1040 1737 1501 1403 1095 1911 1171 1040 1587 1548 1475 1449 1995 1992 1970 1248 1413 1534 1005 1810 1606 1982 1245 1070 1924 1437 1221 1885 1408 1026 1342 1387 1259 1670 1858 1365 1200 1241 1369 1278 1930 1691 1602 1367 1452 1388 1668 1550 1696 1191 1700 1017 1904 1346 1571 1565 1340 1652 1832 1953 1412 1077 1115 1006 1848 1365 1756 1447 1642 1932 1417 1713 1752 1699 1383 1867 1992 1875 BCNSPRNW ULIB Ver.6.0+V

เปลี่ยนเป็นภาษาไทย

Change to English
 แสดงรายละเอียดบรรณานุกรม
  กลับหน้าหลัก

Brief Record : Get Marc (ISO 2709) : E-mail record : QR code < ปิดหน้าต่าง
LEADER : 00000nam 2200000uu 4500
001    13399112411
003     ULIB
008    110815s2541||||th 000 0 tha d
020    9789742550837
050  4 QH308.2^bช728ช ล.3 2541
100 0  เชาวน์ ชิโนรักษ์
245 10 ชีววิทยา เล่ม 3 /^cเชาวน์ ชิโนรักษ์, พรรณี ชิโนรักษ์
246 30 ชีววิทยา 3
250    พิมพ์ครั้งที่ 1
260    กรุงเทพฯ :^bศิลปาบรรณาคาร,^c2541
300    ก-ฎ, 510 หน้า :^bภาพประกอบ ;^c24 ซม.
650  0 Biology
650  4 ชีววิทยา
700 0  พรรณี ชิโนรักษ์
945    ^p170^l0^i18492
945    ^p170^l0^i18493
945    ^p170^l0^i19894
945    ^p170^l0^i19895
995    กัณชพร
999 ^a ใช้งานได้ทุกระบบ
รายการนี้ยังไม่มีแท็ก
คุณยังไม่ได้ล็อกอิน คุณสามารถมีกิจกรรมร่วมกับเว็บไซต์ได้ แต่ต้องล็อกอินก่อน ::
  ล็อกอิน

รายการสื่อสารสนเทศ

ลำดับที่ ประเภท เลขเรียก/บาร์โค้ด สถานที่ สถานะ
- ไม่พบข้อมูล -

รายการใกล้เคียง
    ผู้แต่ง [เชาวน์ ชิโนรักษ์]

    หัวเรื่อง [Biology]
    หัวเรื่อง [ชีววิทยา]

BibComment


ยังไม่เคยถูกคอมเมนท์

คอมเมนท์ทรัพยากรรายการนี้
  คอมเมนท์: ชีววิทยา เล่ม 3 ..


 Copyright 2026. Bcnsprnw @Library